Radiology of Trauma (Record no. 1430)

MARC details
000 -LEADER
fixed length control field 00789pam a2200277 a 4500
001 - CONTROL NUMBER
control field 4850504
003 - CONTROL NUMBER IDENTIFIER
control field OSt
005 - DATE AND TIME OF LATEST TRANSACTION
control field 20210310144513.0
008 - FIXED-LENGTH DATA ELEMENTS--GENERAL INFORMATION
fixed length control field 910219s1991 paua 001 0 eng c
010 ## - LIBRARY OF CONGRESS CONTROL NUMBER
LC control number 91009622
020 ## - INTERNATIONAL STANDARD BOOK NUMBER
International Standard Book Number 1563750074
040 ## - CATALOGING SOURCE
Original cataloging agency DNLM/DLC
Transcribing agency DLC
Modifying agency DLC
050 10 - LIBRARY OF CONGRESS CALL NUMBER
Classification number RD93.7
Item number .S35 1991
060 ## - NATIONAL LIBRARY OF MEDICINE CALL NUMBER
Classification number WO 700 S419r
082 00 - DEWEY DECIMAL CLASSIFICATION NUMBER
Classification number WO100 S11r 1991
Edition number 20
100 1# - MAIN ENTRY--PERSONAL NAME
Personal name Sclafani, Salvatore J. A.
9 (RLIN) 3779
245 10 - TITLE STATEMENT
Title Radiology of Trauma
260 ## - PUBLICATION, DISTRIBUTION, ETC. (IMPRINT)
Place of publication, distribution, etc. Philadelphia :
Name of publisher, distributor, etc. Lippincott ;
Date of publication, distribution, etc. c1991.
300 ## - PHYSICAL DESCRIPTION
Extent 1 v. (various pagings) :
Other physical details ill. (some col.) ;
Dimensions 26 cm.
500 ## - GENERAL NOTE
General note Includes index.
650 #0 - SUBJECT ADDED ENTRY--TOPICAL TERM
Topical term or geographic name as entry element Trauma
9 (RLIN) 3780
650 #0 - SUBJECT ADDED ENTRY--TOPICAL TERM
Topical term or geographic name as entry element Radiology
9 (RLIN) 3781
906 ## - LOCAL DATA ELEMENT F, LDF (RLIN)
a 7
b cbu
c orignew
d 1
e ocip
f 19
g y-gencatlg
942 ## - ADDED ENTRY ELEMENTS (KOHA)
Source of classification or shelving scheme Other/Generic Classification Scheme
Koha item type Short Loan
Holdings
Withdrawn status Lost status Source of classification or shelving scheme Damaged status Not for loan Home library Current library Date acquired Source of acquisition Inventory number Total Checkouts Full call number Barcode Date last seen Koha item type
    Other/Generic Classification Scheme     MUST Main Library MUST Main Library 14/04/2015 Danation 01/15179   WO 100 S11r 1991 2015-0939 14/04/2015 Short Loan